000 00907nam a2200253 a 4500
003 BLK
005 20250709114547.0
008 240902b bul|||||r ||||||| ||bul||
020 _a9786197355208
040 _aBLK
041 _aBUL
_cBUL
080 _aПредучилищно възпитание - четене
_b373.2.016:028.1
_z373.2.016:028.1
084 _aЧ 75
245 _aЧетене по срички - кн. 1
257 _aBGR
260 _aСофия
_bАлекс принт
_c2020
_9209981
_n954-8261-
_fСофия : Хеликс прес
300 _a14 с.
_bс цв. ил.
_c20 см
380 _aDN
653 _aдетско четене
_9184874
653 7 _aпредучилищна възраст
_9194420
852 _c373.3.016:028/Ч 75
942 _cKNG
_n0
_s1
_033
944 _cГеновева Генчева
_k30537
_a30560
_lГрета Цуфелде
999 _c516342
_d516342